000 00262nam a2200109Ia 4500
005 20251222143314.0
008 251222s9999||||xx |||||||||||||| ||spa||
082 _a808.803/M86
100 _a"Morales, MarĂ­a Luz"
245 0 _aLa leyenda de Sigfrido
942 _cLIB
999 _c15838
_d15838